Регионална библиотека "Любен Каравелов" - Русе

Електрификацията на България преди и след 9 септември 1944 г. (Запис номер 163340)

MARC детайли
000 -Лидер
Контролно поле с фиксирана дължина 01432nam a2200337 c 4500
003 - Код на организацията, давaща контролен номер
Контролно поле BLK
005 - Дата и час на последна редакция
Контролно поле 20210517113232.0
008 - Елементи от данни с фиксирана дължина
fixed length control field 180410b bul|||||r ||||||| ||bul||
010 ## - Наследен системен номер
LC control number KNG00170746000
040 ## - Източник на каталожния запис
Идентификатор на билиотеката - собственик на записа BLK
041 ## - Код за език
Код за езика на текст/звукозапис или на отделно заглавие Български
Код за езика КДБФ Български
080 ## - УДК
Текстов определител УДК Енергийни системи в цялост. Електрически централи и подстанции. Електрификация
УДК код - определител по УДК 621.311
УДК определител (497.2)
УДК - код + определител 621.311(497.2)
100 1# - Редна дума - Автор
Автор Калбуров, Марин Маринов
Авторска отговорност първи автор
R(LIN) 335923
139 ## - Редно поле
Редна дума Калбуров, Марин Маринов
Авторски знак Кал - К 16
245 10 - Сведения за заглавието
Заглавие Електрификацията на България преди и след 9 септември 1944 г.
Редно поле (дума) Марин Маринов Калбуров.
257 ## - Страна на издаване
Страна на създаване/издаване България
260 ## - Област на издателските данни
Име на издателя, разпространителя и проч. М-во на информ. и изкуствата
Година на издаване 1947
Място на издаване, разпространение и проч. София
300 ## - Физическа характеристика
Страници 33 с.
Размери/Мащаб 15 см
380 ## - Жанр
Жанр Техника
490 1# - СЕРИИ (Колекции)
Име на серия Народностопанска библиотека
№: серия № 18
500 ## - Общи забележки
Забележка 5 000 тир.
650 #4 - Допълнително описание по предмет – тема
Основно описание – тема или топоним Електрификация - България - история
9 (RLIN) 305291
651 #4 - Допълнително описание по предмет - топоним
Географско понятие България
9 (RLIN) 241624
653 ## - Ключова дума – ненормативна
Ключова дума електрификация
653 ## - Ключова дума – ненормативна
Ключова дума далекосъобщения
852 ## - Местоположение
Форматна сигнатура Цб 6.155.21183
Фондова буква Основен фонд - ползва се само за читалня
856 4# - Електронен адрес и достъп
Електронен формат pdf - файл
856 4# - Електронен адрес и достъп
Електронен формат pdf - файл
999 ## - СИСТЕМНИ КОНТРОЛНИ НОМЕРА
Koha biblionumber 163340
Koha biblioitemnumber 163340
942 ## - АРТИКУЛИ
Вид на библиотечния материал Книги
Скрит в OPAC Не
Koha issues (borrowed), all copies 1
Периодичен библиозапис Да
944 ## - СЪЗДАВАНЕ И РЕДАКЦИЯ на ЗАПИСА
Създаване/Редакция Създаване
Дата на регистрацията/редакция 04.02.2015
Служител, извършил регистрацията/редакцията Наталия_Медовщикова
944 ## - СЪЗДАВАНЕ И РЕДАКЦИЯ на ЗАПИСА
Създаване/Редакция Редакция
Дата на регистрацията/редакция 2021-05-17
Служител, извършил регистрацията/редакцията Христина
999 ## - СИСТЕМНИ КОНТРОЛНИ НОМЕРА
Koha biblioitemnumber 163340
Наличности
Код за отписване Код за изгубен артикул Източник на класификационната схема Код за повреда Коз за рестрикции Код за отдаване Артикулен № Име на библиотеката - собственик Име на библиотеката, в която се намира в момента Статус (Текущо местоположение) Дата на вписване в системата Местоположение - отдел Цена в лева Инвентарен номер Систематично азбучна сигнатура Баркод Номер на екземпляра Цена в евро Служебна бележка Служебен тип на артикула
  Не е изгубен Universal Decimal Classification Не е повреден без рестрикции ползва се в читалня 273656 Регионална библиотека "Любен Каравелов" Русе Регионална библиотека "Любен Каравелов" Русе Основен фонд - ползва се само за читалня 1947-01-01 Основен фонд - ползва се само за читалня 0.05 21183 Цб 6.155.21183 900000050208 1 0.03 Дост: Pk N: стар фонд Дата: 01.01.1947 Книги
Vip Innovations Ltd, Rousse, Bulgaria 2025